Underground waters of the coastal plain of Georgia / (Record no. 25502)
[ view plain ]
| 000 -LEADER | |
|---|---|
| fixed length control field | 01552cam a22003491 4500 |
| 001 - CONTROL NUMBER | |
| control field | gs 15000338 |
| 003 - CONTROL NUMBER IDENTIFIER | |
| control field | DLC |
| 005 - DATE AND TIME OF LATEST TRANSACTION | |
| control field | 20260227111317.0 |
| 007 - PHYSICAL DESCRIPTION FIXED FIELD--GENERAL INFORMATION | |
| fixed length control field | cr_||||||||||| |
| 008 - FIXED-LENGTH DATA ELEMENTS--GENERAL INFORMATION | |
| fixed length control field | 720327s1915 dcuabf b f001 0 eng |
| 010 ## - LIBRARY OF CONGRESS CONTROL NUMBER | |
| LC control number | gs 15000338 |
| 035 ## - SYSTEM CONTROL NUMBER | |
| System control number | (OCoLC)271171 |
| 040 ## - CATALOGING SOURCE | |
| Original cataloging agency | DLC |
| Transcribing agency | ODaWU |
| Modifying agency | OCoLC |
| -- | NmSoI |
| -- | OCoLC |
| -- | DLC |
| 042 ## - AUTHENTICATION CODE | |
| Authentication code | premarc |
| 050 00 - LIBRARY OF CONGRESS CALL NUMBER | |
| Classification number | TC801 |
| Item number | .U2 no. 341 |
| 051 ## - LIBRARY OF CONGRESS COPY, ISSUE, OFFPRINT STATEMENT | |
| Classification number | GB1025.G4 |
| Item number | S8 |
| 086 0# - GOVERNMENT DOCUMENT CLASSIFICATION NUMBER | |
| Classification number | I 19.13:341 |
| 100 1# - MAIN ENTRY--PERSONAL NAME | |
| Personal name | Stephenson, Lloyd William, |
| Dates associated with a name | 1876- |
| 245 10 - TITLE STATEMENT | |
| Title | Underground waters of the coastal plain of Georgia / |
| Statement of responsibility, etc. | by L. W. Stephenson and J. O. Veatch ; and a discussion of the quality of the waters by R. B. Dole. |
| 260 ## - PUBLICATION, DISTRIBUTION, ETC. | |
| Place of publication, distribution, etc. | Washington : |
| Name of publisher, distributor, etc. | Govt. Print. Off., |
| Date of publication, distribution, etc. | 1915. |
| 300 ## - PHYSICAL DESCRIPTION | |
| Extent | 539 p., [16] leaves of plates : |
| Other physical details | ill., fold. maps ; |
| Dimensions | 24 cm. |
| 440 #0 - SERIES STATEMENT/ADDED ENTRY--TITLE | |
| Title | Geological Survey water-supply paper ; |
| Volume/sequential designation | 341 |
| 500 ## - GENERAL NOTE | |
| General note | Prepared in cooperation with the Geological Survey of Georgia. |
| 501 ## - WITH NOTE | |
| With note | TC801.U2 no. 341 with: Surface water supply of the Yukon-Tanana region, Alaska / by C.E. Ellsworth and R.W. Davenport. Washington : Govt. Print. Off.,1915. Bound together subsequent to publication. |
| Institution to which field applies | DLC |
| 504 ## - BIBLIOGRAPHY, ETC. NOTE | |
| Bibliography, etc. note | Includes bibliographical references and index. |
| 530 ## - ADDITIONAL PHYSICAL FORM AVAILABLE NOTE | |
| Additional physical form available note | Also available in digital form on the Internet Archive Web site. |
| 650 #0 - SUBJECT ADDED ENTRY--TOPICAL TERM | |
| Topical term or geographic name entry element | Water-supply |
| Geographic subdivision | Georgia. |
| 700 1# - ADDED ENTRY--PERSONAL NAME | |
| Personal name | Veatch, J. O. |
| Fuller form of name | (Jethro Otto), |
| Dates associated with a name | 1883- |
| 700 1# - ADDED ENTRY--PERSONAL NAME | |
| Personal name | Dole, Richard B. |
| Fuller form of name | (Richard Bryant), |
| Dates associated with a name | 1880-1917. |
| 710 2# - ADDED ENTRY--CORPORATE NAME | |
| Corporate name or jurisdiction name as entry element | Georgia Geological Survey. |
| 856 41 - ELECTRONIC LOCATION AND ACCESS | |
| Uniform Resource Identifier | <a href="http://hdl.loc.gov/loc.gdc/scd0001.00297083144">http://hdl.loc.gov/loc.gdc/scd0001.00297083144</a> |
No items available.